00751nam a2200205Ia 4500003000900000008004100009020002200050040001600072080002000088100003000108245009800138260007200236300001500308650002800323650001600351650002400367942000700391999001700398952013000415IN-BaIIA211028s9999 xx 000 0 eng d a978-0-819-43698-6 cIIA Library a621.317.31bJAN aJanesick, James R.924675 0aScientific charge-coupled devicescJames R. Janesick  aWashingtonbThe International Society for Optical Engineeringc2001 axvi, 906p. aComet landscapes933466 aComets9755 aHalley comet933467 cBK c17666d17666 00104070aBANbLEHcGENd2010-03-19g5720.14l0o621.317.31/ JANp18588r2021-11-05v5720.14w2010-03-19yBKGRs. 5720.14